[Event "Udaipur Lakecity op 1st"]
[Site "Udaipur"]
[Date "2019.09.20"]
[Round "10"]
[White "Arun, Rathi"]
[Black "Abu Sufian, Sakil"]
[Result "0-1"]
[WhiteElo "1959"]
[BlackElo "2255"]
[PlyCount "54"]
[EventDate "2019.09.13"]
[EventType "swiss"]
[EventRounds "10"]
[EventCountry "IND"]
[SourceTitle "EXT 2020"]
[Source "ChessBase"]
[SourceDate "2019.10.17"]
[SourceVersion "1"]
[SourceVersionDate "2019.10.17"]
[SourceQuality "1"]

1. Nf3 d5 2. c4 c6 3. d4 Nf6 4. Nc3 dxc4 5. a4 Bf5 6. Ne5 e6 7. f3 Bb4 8. e4 Bxe4 9. fxe4 Nxe4 10. Nf3 Nxc3 11. bxc3 Bxc3+ 12. Bd2 Bxa1 13. Qxa1 Qd5 14. Be2 Nd7 15. 0-0 h6 16. Bb4 a5 17. Ba3 b5 18. axb5 cxb5 19. Nd2 Qg5 20. Bf3 Qxd2 21. Bxa8 c3 22. Bc6 b4 23. Bxb4 Qxd4+ 24. Kh1 Qxb4 25. Qd1 0-0 26. Qxd7 c2 27. Rc1 Qf4 0-1

[Event "Udaipur Lakecity op 3rd"]
[Site "Udaipur"]
[Date "2019.03.31"]
[Round "7"]
[White "Chourasiya, Hemant"]
[Black "Arun, Rathi"]
[Result "0-1"]
[WhiteElo "1558"]
[BlackElo "1939"]
[PlyCount "158"]
[EventDate "2019.03.28"]
[EventType "swiss"]
[EventRounds "8"]
[EventCountry "IND"]
[SourceTitle "CBM 189 Extra"]
[Source "ChessBase"]
[SourceDate "2019.06.03"]
[SourceVersion "1"]
[SourceVersionDate "2019.06.03"]
[SourceQuality "1"]

1. e4 d6 2. d4 g6 3. Be3 Bg7 4. Bd3 Nd7 5. Ne2 e6 6. Qd2 h6 7. Na3 Ne7 8. c3 b6 9. f3 Bb7 10. Ng3 a6 11. f4 d5 12. e5 h5 13. Ne2 Nf5 14. Bf2 Bf8 15. Ng1 c5 16. Nf3 b5 17. Nc2 Qc7 18. Ng5 Nb6 19. dxc5 Bxc5 20. Nd4 Nc4 21. Bxc4 dxc4 22. 0-0-0 0-0-0 23. Qc2 Bxd4 24. Bxd4 Nxd4 25. Rxd4 Rxd4 26. cxd4 Rd8 27. Rd1 Rd7 28. Ne4 Bxe4 29. Qxe4 Qb7 30. Qe2 Qd5 31. h3 Rc7 32. Kb1 c3 33. Rc1 Qxd4 34. bxc3 Rxc3 35. Rxc3+ Qxc3 36. Qe4 Kb8 37. g4 hxg4 38. hxg4 b4 39. f5 gxf5 40. gxf5 b3 41. axb3 Qxb3+ 42. Kc1 Qc3+ 43. Kd1 a5 44. Qa4 Kc7 45. Qb5 exf5 46. Qd5 Qc6 47. Qxa5+ Kd7 48. Ke2 Ke6 49. Kf2 Qc2+ 50. Kg3 Qd3+ 51. Kf2 Qd4+ 52. Kf1 Qf4+ 53. Kg1 Qxe5 54. Qd8 Qa1+ 55. Kg2 Qb2+ 56. Kg1 Qc1+ 57. Kf2 Qc5+ 58. Kf1 Qc4+ 59. Kf2 Qc5+ 60. Kf1 Qc4+ 61. Kf2 f4 62. Kf3 Qf1+ 63. Kg4 f5+ 64. Kg5 Qg2+ 65. Kxf4 Qf2+ 66. Kg5 Qg3+ 67. Kh5 f4 68. Qc8+ Ke5 69. Qc5+ Ke4 70. Qc6+ Ke3 71. Qc1+ Kf2 72. Qd2+ Kg1 73. Qc1+ Kg2 74. Qc2+ Kh3 75. Qc8+ Kh2 76. Qc7 f3 77. Qc2+ f2 78. Qd2 Qg2 79. Qf4+ Kh1 0-1

[Event "Commonwealth-ch"]
[Site "New Delhi"]
[Date "2018.06.27"]
[Round "2"]
[White "Wagh, Suyog"]
[Black "Arun, Rathi"]
[Result "1/2-1/2"]
[WhiteElo "2289"]
[BlackElo "1970"]
[PlyCount "148"]
[EventDate "2018.06.26"]
[EventType "swiss"]
[EventRounds "9"]
[EventCountry "IND"]
[SourceTitle "CBM 185 Extra"]
[Source "ChessBase"]
[SourceDate "2018.07.29"]
[SourceVersion "1"]
[SourceVersionDate "2018.07.29"]
[SourceQuality "1"]

1. Nf3 Nf6 2. g3 g6 3. b3 Bg7 4. Bb2 0-0 5. Bg2 d6 6. d4 Nbd7 7. 0-0 e5 8. dxe5 Ng4 9. c4 Ngxe5 10. Nc3 Re8 11. Nd4 Nc5 12. Qd2 a5 13. h3 c6 14. Rab1 Qb6 15. Ba1 a4 16. Qd1 axb3 17. axb3 Be6 18. b4 Ncd7 19. Nxe6 Rxe6 20. c5 dxc5 21. bxc5 Qa7 22. Ne4 Nxc5 23. Nxc5 Qxc5 24. Rxb7 h5 25. Bb2 Rae8 26. e3 R6e7 27. Bd4 Qc4 28. Rxe7 Rxe7 29. Qa1 f5 30. Rc1 Qe6 31. h4 Kh7 32. Qa6 Qf7 33. Rc2 Rc7 34. Bxe5 Bxe5 35. Rxc6 Rxc6 36. Qxc6 Kg7 37. Bd5 Qe7 38. Qc8 Bf6 39. Kg2 Qd8 40. Qc6 Qe7 41. e4 fxe4 42. Bxe4 Qf7 43. f4 Be7 44. Qa8 Qf8 45. Qc6 Qf7 46. Kh3 Qf6 47. Qb7 Qe6+ 48. Kg2 Qa2+ 49. Kh1 Qa1+ 50. Bb1 Qf6 51. Qe4 Bd6 52. Bc2 Be7 53. Kg2 Bd6 54. Qf3 Qb2 55. Qd1 Qf6 56. Qd5 Be7 57. Bb3 Qf8 58. Qe6 Qa8+ 59. Bd5 Qf8 60. Kf3 Qf6 61. Qg8+ Kh6 62. Be4 Qg7 63. Qe8 Bf6 64. Kg2 Bd4 65. f5 gxf5 66. Bf3 Qg6 67. Qf8+ Bg7 68. Qb8 Bf6 69. Be2 Bxh4 70. Qh8+ Qh7 71. Qe8 Qg6 72. Qxg6+ Kxg6 73. gxh4 f4 74. Kf3 Kf5 1/2-1/2